A passion for discovery / (Record no. 131351)
[ view plain ]
| 000 -LEADER | |
|---|---|
| fixed length control field | 00967cam a22002897a 4500 |
| 001 - CONTROL NUMBER | |
| control field | 15497352 |
| 003 - CONTROL NUMBER IDENTIFIER | |
| control field | ARRUPE |
| 005 - DATE AND TIME OF LATEST TRANSACTION | |
| control field | 20220505094031.0 |
| 008 - FIXED-LENGTH DATA ELEMENTS--GENERAL INFORMATION | |
| fixed length control field | 081024s2007 nju b 001 0 eng c |
| 010 ## - LIBRARY OF CONGRESS CONTROL NUMBER | |
| LC control number | 2008531192 |
| 020 ## - INTERNATIONAL STANDARD BOOK NUMBER | |
| International Standard Book Number | 9789812706461 |
| 020 ## - INTERNATIONAL STANDARD BOOK NUMBER | |
| International Standard Book Number | 9812706461 |
| 035 ## - SYSTEM CONTROL NUMBER | |
| System control number | (OCoLC)ocn154672019 |
| 040 ## - CATALOGING SOURCE | |
| Original cataloging agency | BTCTA |
| Transcribing agency | BTCTA |
| Modifying agency | BAKER |
| -- | YDXCP |
| -- | GZM |
| -- | BWX |
| -- | PUL |
| -- | DLC |
| 042 ## - AUTHENTICATION CODE | |
| Authentication code | pcc |
| 050 00 - LIBRARY OF CONGRESS CALL NUMBER | |
| Classification number | QC15 |
| Item number | .F74 2007 |
| 300 ## - PHYSICAL DESCRIPTION | |
| Dimensions | 24 cm. |
| 100 1# - MAIN ENTRY--PERSONAL NAME | |
| Personal name | Freund, Peter G. O. |
| Fuller form of name | (Peter George Oliver), |
| Dates associated with a name | 1936-2018. |
| 9 (RLIN) | 51428 |
| 245 12 - TITLE STATEMENT | |
| Title | A passion for discovery / |
| Statement of responsibility, etc | Peter Freund. |
| 260 ## - PUBLICATION, DISTRIBUTION, ETC. (IMPRINT) | |
| Place of publication, distribution, etc | New Jersey : |
| Name of publisher, distributor, etc | World Scientific, |
| Date of publication, distribution, etc | c2007. |
| 300 ## - PHYSICAL DESCRIPTION | |
| Extent | xvi, 221 p. ; |
| 504 ## - BIBLIOGRAPHY, ETC. NOTE | |
| Bibliography, etc | Includes bibliographical references (p. 192-210) and index. |
| 650 #0 - SUBJECT ADDED ENTRY--TOPICAL TERM | |
| Topical term or geographic name as entry element | Physicists |
| Form subdivision | Anecdotes. |
| 9 (RLIN) | 51429 |
| 650 #0 - SUBJECT ADDED ENTRY--TOPICAL TERM | |
| Topical term or geographic name as entry element | Mathematicians |
| Form subdivision | Anecdotes. |
| 9 (RLIN) | 51430 |
| 906 ## - LOCAL DATA ELEMENT F, LDF (RLIN) | |
| a | 7 |
| b | cbc |
| c | pccadap |
| d | 2 |
| e | ncip |
| f | 20 |
| g | y-gencatlg |
| 942 ## - ADDED ENTRY ELEMENTS (KOHA) | |
| Source of classification or shelving scheme | Library of Congress Classification |
| Koha item type | Monograph ( Printed materials) |
| Withdrawn status | Lost status | Source of classification or shelving scheme | Damaged status | Not for loan | Collection code | Home library | Current library | Shelving location | Date acquired | Total Checkouts | Full call number | Barcode | Date last seen | Price effective from | Koha item type |
|---|---|---|---|---|---|---|---|---|---|---|---|---|---|---|---|
| Library of Congress Classification | Main Collection | ARRUPE LIBRARY | ARRUPE LIBRARY | Main Collection | 05/05/2022 | QC15 .F74 2007 | 46600008734 | 05/05/2022 | 05/05/2022 | Monograph ( Printed materials) |